000 00623nam a2200205Ii 4500
003 JO-AjNU
008 230605s9999||||xx |||||||||||||| ||und||
040 _aJO-AjNU
_bara
_erda
_cJO-AjNU
041 _aara
050 1 4 _aSF61.K35 1991
100 3 _aعبدالعليم ، كامل,
_eauthor
_913872
245 0 0 _aالانتاج الحيواني
250 _aط1
264 3 1 _aالاسكندرية:مكتبة المعارف ، 1991
300 _a519ص
336 _atext
_btxt
_2rdacontent
337 _aunmediated
_bn
_2rdamedia
338 _avolume
_bnc
_2rdacarrier
650 4 _aالانتاج الحيواني
_913873
999 _aA3565
_c7133
_d7133